Представление документа в формате MARC21

Поле Инд. ПП Название Значение
Тип записи a
Библиографический уровень m
001 Контрольный номер RU/IS/BASE/194723491
005 Дата корректировки 20221125142050.7
040 b Код языка каталог. rus
041 a Код языка текста rus
080 a Индекс УДК 004.42
084 a Индекс другой классификации/Индекс ББК 32.973.26-018
090 a Полочн. индекс 681.3
c Каталожный индекс 681.3.06
x Авторский знак Б83
097 b Оператор 11
100 a Автор Бородина А. И.
245 a Заглавие Основы алгоритмизации и программирования на ЭВМ
260 a Место издания Мн.
b Издательство Вышэйшая школа
c Дата издания 1983
300 a Объем 214 с.
b Иллюстрации/ тип воспроизводства ил.
510 a Примечание о ссылках Книги и методические пособия
650 a Основная рубрика 50.05 Теоретические основы программирования
x Основная подрубрика 50.05.13 Технология программирования. Автоматизация программирования
653 a Ключевые слова цифровые вычислительные машины; электронные вычислительные машины; программирование; алгоритмизация
700 a Другие авторы Кожемяко Т. К.
901 t Тип документа m